The structure of english. An introduction to the construction of english sentences
Gardado en:
| Autor Principal: | |
|---|---|
| Formato: | Libro |
| Idioma: | inglés |
| Publicado: |
Londres
Longmans
1965
|
| Subjects: | |
| Tags: |
Engadir etiqueta
Sen Etiquetas, Sexa o primeiro en etiquetar este rexistro!
|
MARC
| LEADER | 00000nam a2200000 a 4500 | ||
|---|---|---|---|
| 001 | UCI2079 | ||
| 003 | CL-VaPUC | ||
| 008 | 070803e19650000UK |||||||||||||||||eng|d | ||
| 082 | 0 | 4 | |a 425 |b FRI |2 21 |
| 100 | 0 | |a Fries, Charles Carpenter |e author |9 522946 | |
| 245 | 1 | 4 | |a The structure of english. An introduction to the construction of english sentences |
| 300 | |a 304 p | ||
| 942 | |c BK | ||
| 945 | |d 20070803 00:00:00 |a rbrito | ||
| 260 | |a Londres |b Longmans |c 1965 | ||
| 650 | 7 | |a INGLES-GRAMATICA |2 CL-VaPUC |9 313180 | |
| 650 | 0 | |a Gramática |9 270497 | |
| 650 | 0 | |a Enseñanza del inglés |9 367340 | |
| 650 | 0 | |a Enseñanza de idiomas |9 339820 | |
| 583 | |a last modification |c 20070803 00:00:00 |k Rodrigo Vera | ||
| 999 | |c 326726 |d 326724 | ||
| 952 | |0 0 |1 0 |4 0 |6 425_000000000000000_FRI_1965 |7 0 |8 A |9 408839 |a FDOPOS |b FDOPOS |d 2019-11-22 |i 4360591 |o 425 FRI 1965 |p 4360591 |r 2025-01-22 |w 2019-11-22 |y BK |k MLA | ||